Mechanism design : (Record no. 32441)

000 -LEADER
fixed length control field 01289cam a22003374a 4500
001 - CONTROL NUMBER
control field 12042149
003 - CONTROL NUMBER IDENTIFIER
control field OSt
005 - DATE AND TIME OF LATEST TRANSACTION
control field 20211102121339.0
008 - FIXED-LENGTH DATA ELEMENTS--GENERAL INFORMATION
fixed length control field 000615s2001 flua b 001 0 eng
010 ## - LIBRARY OF CONGRESS CONTROL NUMBER
LC control number 00056415
020 ## - INTERNATIONAL STANDARD BOOK NUMBER
International Standard Book Number 9780849309014
038 ## - RECORD CONTENT LICENSOR
Staff Name khadija
040 ## - CATALOGING SOURCE
Original cataloging agency DLC
Transcribing agency DLC
Modifying agency DLC
042 ## - AUTHENTICATION CODE
Authentication code pcc
050 00 - LIBRARY OF CONGRESS CALL NUMBER
Classification number TJ175
Item number .T78 2001
082 00 - DEWEY DECIMAL CLASSIFICATION NUMBER
Classification number 621.811
Edition number 21
Author Mark TSA
100 1# - MAIN ENTRY--PERSONAL NAME
Personal name Tsai, Lung-Wen.
9 (RLIN) 83653
245 10 - TITLE STATEMENT
Title Mechanism design :
Remainder of title enumeration of kinematic structures according to function /
Statement of responsibility, etc. Lung-Wen Tsai.
260 ## - PUBLICATION, DISTRIBUTION, ETC.
Place of publication, distribution, etc. Boca Raton, FL :
Name of publisher, distributor, etc. CRC Press,
Date of publication, distribution, etc. c2001.
300 ## - PHYSICAL DESCRIPTION
Extent xv, 311 p. :
Other physical details ill. ;
Dimensions 25 cm.
490 1# - SERIES STATEMENT
Series statement Mechanical engineering series
504 ## - BIBLIOGRAPHY, ETC. NOTE
Bibliography, etc. note Includes bibliographical references and index.
563 ## - BINDING INFORMATION
Binding note Hardcover
650 #0 - SUBJECT ADDED ENTRY--TOPICAL TERM
Topical term or geographic name entry element Machinery, Kinematics of.
9 (RLIN) 40636
650 #0 - SUBJECT ADDED ENTRY--TOPICAL TERM
Topical term or geographic name entry element Machine design.
9 (RLIN) 18984
830 #0 - SERIES ADDED ENTRY--UNIFORM TITLE
Uniform title Advanced topics in mechanical engineering series.
9 (RLIN) 83654
856 42 - ELECTRONIC LOCATION AND ACCESS
Materials specified Publisher description
Uniform Resource Identifier <a href="http://www.loc.gov/catdir/enhancements/fy0646/00056415-d.html">http://www.loc.gov/catdir/enhancements/fy0646/00056415-d.html</a>
906 ## - LOCAL DATA ELEMENT F, LDF (RLIN)
a 7
b cbc
c orignew
d 1
e ocip
f 20
g y-gencatlg
942 ## - ADDED ENTRY ELEMENTS (KOHA)
Source of classification or shelving scheme
Koha item type Book
Holdings
Withdrawn status Lost status Source of classification or shelving scheme Damaged status Not for loan Permanent Location Current Location Shelving location Date acquired Full call number Barcode Date last seen Price effective from Koha item type
          School of Mechanical & Manufacturing Engineering (SMME) School of Mechanical & Manufacturing Engineering (SMME) General Stacks 09/22/2015 621.811 TSA SMME-1256 03/28/2018 09/22/2015 Book
© 2023 Central Library, National University of Sciences and Technology. All Rights Reserved.